| 000 | 00809nam a2200241 a 4500 | ||
|---|---|---|---|
| 001 | BRL_1510 | ||
| 005 | 20190320211235.0 | ||
| 008 | 130214s1981----mx-ab#####---#000-0#spa-# | ||
| 041 | _aspa | ||
| 044 | _amx | ||
| 050 | 4 |
_aNK9614 _b.G88 1981 |
|
| 100 | 1 |
_aGutiérrez Casillas, Manuel _927129 |
|
| 245 | 1 | 0 |
_aLas artesanias populares de madera en México _cManuel Gutiérrez Casillas. |
| 260 |
_aMéxico _bSubsecretariìa Forestal y de la Fauna, Dirección General para el Desarrollo Forestal _c1981 |
||
| 300 |
_a271 p. _bil., mapas _c22 cm. |
||
| 500 | _aAu1755 | ||
| 500 | _aIncluye dedicatoria a Ruth Lechuga | ||
| 504 | _aBibliografía: p. 269-271 | ||
| 650 | 1 | 4 |
_aTrabajos en madera _xHistoria _zMéxico _927130 |
| 650 | 1 | 4 |
_aArte popular _xHistoria _zMéxico _927131 |
| 902 | _aGRL | ||
| 942 |
_2lcc _cB |
||
| 999 |
_c10320 _d10320 |
||